Language Quiz

Random Language or Letter Quiz

Constant Consonants 'M' Quiz Stats

 Plays Quiz Updated Oct 5, 2018

Challenge
Share
Tweet
Embed
Score 0/24 Timer 06:00
2 Plays Today
Clue (Length) Answer % Correct
Myself (2)Me
99.7%
'I think, therefore I __' (2)Am
98.7%
Pa's wife (2)Ma
97.1%
What the cow says (3)Moo
96.3%
'__ Sharona' (2)My
91.8%
Giant bird of Australia (3)Emu
91%
US television award (4)Emmy
89.7%
Brief message to staff (4)Memo
89.5%
Preserved remains of a Pharaoh (5)Mummy
88.3%
Larry, Curly and ___ (3)Moe
87.4%
Thurman of 'Kill Bill' (3)Uma
87.3%
Point at a target (3)Aim
86.9%
Clue (Length) Answer % Correct
Watson, Stone or Bunton (4)Emma
84.6%
Dorothy Gale's Auntie (2)Em
82.9%
Adams or Poehler (3)Amy
82%
Speechless actor (4)Mime
81.6%
Bullets, arrows, missiles (abbrev) (4)Ammo
81.4%
Letter between lambda and nu (2)Mu
80.2%
Seriously injure (4)Maim
79.8%
PRC Chairman Zedong (3)Mao
75.6%
Second largest Hawaiian island (4)Maui
72.9%
Mantra syllable (2)Om
71.3%
Singer ____ Cass (4)Mama
64.5%
Islamic worship leader (4)Imam
55.8%

You're not logged in!

Compare scores with friends on all Sporcle quizzes.
OR
Log In

You Might Also Like...

Show Comments

Extras

Top Quizzes Today


Score Distribution

Your Account Isn't Verified!

In order to create a playlist on Sporcle, you need to verify the email address you used during registration. Go to your Sporcle Settings to finish the process.

Report this User

Report this user for behavior that violates our Community Guidelines.

Details: